000 00429nam a2200181Ia 4500
001 23730
005 20260414150956.0
008 260414t2015||||xx |||||||||||||| ||spa||
041 _aESP
082 _a700.105
_bR82
100 _aRoncoroni, Umberto,
_eAUT
245 0 _aManual de diseño generativo
_b
260 _c2015
300 _a276 páginas :
_c28 cm.
650 _aGEN
654 _aCHU
942 _cLIB
_dJUS
_fJUS
_2ddc
_n
999 _c23730
_d23730